MARC

LEADER 00000nam0a2200000 4500
001 332890
005 20231102004512.0
035 |a (RuTPU)RU\TPU\book\358880 
035 |a RU\TPU\book\358799 
035 |a RU\TPU\book\298850 
090 |a 332890 
100 |a 20170602d1981 k y0rusy50 ca 
101 0 |a rus 
102 |a RU 
105 |a a z 001zy 
200 1 |a Аэрокосмические методы при исследовании водных ресурсов и их загрязнения  |e [сборник трудов]  |f Государственный гидрологический институт (ГГИ) ; под ред. В. В. Куприянова, В. Ф. Усачева 
210 |a Ленинград  |c Гидрометеоиздат  |d 1981 
215 |a 142 с.  |c ил. 
225 1 |a Труды Государственного гидрологического института  |v Вып. 285 
320 |a Библиография в конце статей 
606 1 |a Гидрогеологические исследования  |x Аэрометоды  |2 stltpush  |3 (RuTPU)RU\TPU\subj\6617  |9 34452 
610 1 |a спутниковая информация 
610 1 |a водосборы 
610 1 |a водные объекты 
610 1 |a загряхненность 
610 1 |a изображения 
610 1 |a интерактивная обработка 
675 |a 556.3:528  |v 3 
702 1 |a Куприянов  |b В. В.  |4 340 
702 1 |a Усачев  |b В. Ф.  |4 340 
712 0 2 |a Государственный гидрологический институт (ГГИ)  |c (Санкт-Петербург)  |2 stltpush  |3 (RuTPU)RU\TPU\col\7764 
801 0 |a RU  |b 63413507  |c 19950704  |g psbo 
801 1 |a RU  |b 63413507  |c 20150919 
801 2 |a RU  |b 63413507  |c 20170605  |g RCR 
942 |c BK